[Event "Barcelona La Lira op 39th"]
[Site "Barcelona"]
[Date "2023.02.24"]
[Round "6"]
[White "Dulcet Belmonte, Albert"]
[Black "Romero Funieles, Rafael de Jesus"]
[Result "0-1"]
[WhiteElo "1370"]
[BlackElo "1540"]
[PlyCount "74"]
[EventDate "2023.01.20"]
[EventType "swiss"]
[EventRounds "8"]
[EventCountry "ESP"]
[SourceTitle "CBM 213 Extra"]
[Source "ChessBase"]
[SourceDate "2023.05.31"]
[SourceVersion "1"]
[SourceVersionDate "2023.05.31"]
[SourceQuality "1"]

1. e4 e6 2. d4 d6 3. c4 Nf6 4. Nc3 Be7 5. Nf3 c6 6. Be2 Qc7 7. 0-0 e5 8. d5 Bg4 9. Be3 Bh5 10. h3 Nbd7 11. b4 Bg6 12. Nd2 a6 13. Rc1 cxd5 14. Nxd5 Nxd5 15. cxd5 Qd8 16. Rc3 Rc8 17. Qc2 Rxc3 18. Qxc3 0-0 19. Rc1 f5 20. f3 Bg5 21. Bxg5 Qxg5 22. Rc2 Nf6 23. Qd3 Nh5 24. Qc4 Nf4 25. Bf1 Nxh3+ 26. Kh1 Nf4 27. Qc7 fxe4 28. fxe4 Qh4+ 29. Kg1 Qf6 30. Nf3 Bxe4 31. Qxb7 Bxc2 32. Qxa6 e4 33. Nd2 Qd4+ 34. Kh1 Qxd2 35. Qxd6 Qf2 36. Qa6 Bd3 37. Bxd3 Qxg2# 0-1

[Event "Barcelona La Lira op 39th"]
[Site "Barcelona"]
[Date "2023.02.10"]
[Round "4"]
[White "Porta Chicote, David"]
[Black "Dulcet Belmonte, Albert"]
[Result "1-0"]
[WhiteElo "1439"]
[BlackElo "1370"]
[PlyCount "109"]
[EventDate "2023.01.20"]
[EventType "swiss"]
[EventRounds "8"]
[EventCountry "ESP"]
[SourceTitle "CBM 213 Extra"]
[Source "ChessBase"]
[SourceDate "2023.05.31"]
[SourceVersion "1"]
[SourceVersionDate "2023.05.31"]
[SourceQuality "1"]

1. e4 e5 2. Bc4 Nf6 3. Nc3 Nc6 4. d3 Bc5 5. Be3 Bxe3 6. fxe3 d6 7. Nf3 Na5 8. Bb3 Nxb3 9. axb3 Bg4 10. h3 Be6 11. Qe2 h6 12. d4 exd4 13. exd4 0-0 14. 0-0 a6 15. d5 Bd7 16. Qf2 Re8 17. Rae1 Bb5 18. Nxb5 axb5 19. Nd2 Re7 20. Qg3 Nd7 21. Rf5 Ne5 22. Rh5 Kh8 23. Rf1 Qd7 24. Rf6 Ng6 25. Rff5 Kh7 26. Nf3 f6 27. Nh4 Qe8 28. Rxf6 Nxh4 29. Rhxh6+ gxh6 30. Qxh4 h5 31. Qg5 Kh8 32. Rh6+ Rh7 33. Qf6+ Kg8 34. Rg6+ Qxg6 35. Qxg6+ Rg7 36. Qxh5 Ra2 37. Qe8+ Kh7 38. Qxb5 Rxb2 39. Qd3 Rb1+ 40. Kh2 Kg8 41. c4 Re1 42. g4 Re7 43. c5 R7xe4 44. Kg2 R1e3 45. Qb5 dxc5 46. Qxc5 Re7 47. b4 Kf7 48. b5 Kg6 49. b6 cxb6 50. Qxb6+ Kg5 51. d6 R7e6 52. d7 Rxb6 53. d8Q+ Rf6 54. h4+ Kxg4 55. Qxf6 1-0

[Event "Barcelona La Lira op 39th"]
[Site "Barcelona"]
[Date "2023.01.20"]
[Round "1"]
[White "Walter Travella, German"]
[Black "Dulcet Belmonte, Albert"]
[Result "1-0"]
[WhiteElo "1714"]
[BlackElo "1370"]
[PlyCount "71"]
[EventDate "2023.01.20"]
[EventType "swiss"]
[EventRounds "8"]
[EventCountry "ESP"]
[SourceTitle "CBM 213 Extra"]
[Source "ChessBase"]
[SourceDate "2023.05.31"]
[SourceVersion "1"]
[SourceVersionDate "2023.05.31"]
[SourceQuality "1"]

1. c4 Nf6 2. Nc3 g6 3. Nf3 Bg7 4. g3 0-0 5. Bg2 d6 6. 0-0 c6 7. d4 Nbd7 8. h3 Qb6 9. Rb1 e5 10. c5 Qc7 11. cxd6 Qxd6 12. dxe5 Qxd1 13. Rxd1 Ne8 14. Be3 Nc7 15. Bf4 Nb6 16. Bg5 Nbd5 17. e4 Nxc3 18. bxc3 b6 19. Bf6 c5 20. Nd2 Be6 21. a4 Rab8 22. Nf1 Ne8 23. Be7 Bxe5 24. Bxf8 Kxf8 25. Rd3 Ke7 26. f4 Bg7 27. Rbd1 Bb3 28. Rd7+ Kf8 29. Rc1 a5 30. e5 Bxa4 31. Ra7 f6 32. Bd5 Nc7 33. Rxc7 Rd8 34. Ne3 Rxd5 35. Nxd5 fxe5 36. Nxb6 1-0